Riconosci il Trasferimento - Quiz n°15 - Statistics

Statistiche generali
  • Questo quiz è stato fatto 567 volte
  • Il punteggio medio è 11 su 20
Statistiche sulle risposte
Ruolo Nazione Trasferimenti Calciatore % Corretto
Centrocamposta Croazia Dinamo Zagabria 2010 - Inter 2013 - Real Madrid 2015 - Chelsea 2018 Mateo Kovačić
95%
Portiere Colombia Atlético Nacional 2005 - Nizza 2008 - Arsenal 2014 - Napoli 2018 - Al-Nassr 2022 David Ospina
91%
Difensore Brasile Vitória 2006 - Benfica 2007 - Chelsea 2011 - Paris Saint-Germain 2014 - Chelsea 2016 - Arsenal 2019 - Flamengo 2021 David Luiz
81%
Centrocampista Danimarca Ajax 2009 - Tottenham 2013 - Inter 2020 - Brentford 2022 - Manchester United 2022 Christian Eriksen
72%
Centrocampista / Ataccante Argentina Talleres 2007 - Huracán 2008 - Palermo 2009 - Paris Saint-Germain 2011 - Roma 2018 - Elche 2021 - Qatar SC 2023 Javier Pastore
68%
Difensore Italia Lazio 2005 - Fiorentina 2009 - Sampdoria 2012 - Torino 2016 - Bologna 2020 Lorenzo De Silvestri
65%
Attaccante Paesi Bassi PSV 2011 - Manchester United 2015 - Olympique Lione 2017 - Barcellona 2021 - Atletico Madrid 2023 Memphis Depay
64%
Attaccante Colombia Barranquilla 2006 - Minervén 2007 - Barranquilla 2008 - Atlético Junior 2009 - Club Bruges 2012 - Siviglia 2013 - Milan 2015 - Villarreal 2017 - Granada 2021 - Atlético Junior 2022 Carlos Bacca
63%
Centrocampista / Attaccante Inghilterra / Nigeria Crystal Palace 2007 - Wigan 2010 - Chelsea 2012 - Liverpool 2013 - Stoke City 2014 - West Ham Utd 2015 - Chelsea 2016 - Fenerbahçe 2019 - Inter 2020 - Spartak Mosca 2020 Victor Moses
57%
Centrocampista Inghilterra Leeds Utd 2015 - Manchester City 2022 Kalvin Phillips
56%
Difensore Francia Paris Saint-Germain 2 2013 - Paris Saint-Germain 2014 Presnel Kimpembe
56%
Attaccante Brasile Vasco da Gama 2009 - Inter 2010 - Espanyol 2012 - Inter 2012 - Liverpool 2013 - Barcellona 2018 - Bayern Monaco 2019 - Barcellona 2020 - Aston Villa 2022 Philippe Coutinho
54%
Centrocampista / Attaccante Italia Chelsea 2009 - Swansea City 2011 - Parma 2011 - Roma 2011 - Liverpool 2012 - Sunderland 2013 - Liverpool 2014 - Sunderland 2015 - Milan 2017 - Hellas Verona 2020 - Fatih Karagümrük 2020 Fabio Borini
50%
Centrocampista Stati Uniti MetroStars 2004 - Heerenveen 2006 - Borussia Mönchengladbach 2008 - Aston Villa 2011 - Chievo 2011 - Roma 2012 - Toronto FC 2014 Michael Bradley
48%
Portiere Italia Cesena 2004 - Brescia 2005 - Bologna 2009 - Inter 2011 - Palermo 2012 - Fiorentina 2012 - Arsenal 2013 - Sampdoria 2014 - Sporting Lisbona 2018 - SPAL 2019 - Fatih Karagümrük 2020 Emiliano Viviano
47%
Difensore Brasile Ajax 2001 - Empoli 2006 - Inter 2006 - Barcellona 2009 - Paris Saint-Germain 2012 Maxwell
44%
Difensore Brasile Ponte Preta 2016 - Atlético Mineiro 2018 - Betis Siviglia 2019 - Barcellona 2021 - Tottenham 2021 Emerson Royal
43%
Difensore Francia Sochaux 2002 - Tolosa 2005 - Valencia 2009 -Barcellona 2014 - Sporting Lisbona 2017 Jérémy Mathieu
31%
Centrocampista Inghilterra Southampton 2010 - Arsenal 2011 - Liverpool 2017 Alex Oxlade-Chamberlain
30%
Centrocampista / Ala Paesi Bassi ADO Den Haag 2004- Twente 2007- Amburgo 2009- Juventus 2011 - Werder Brema 2012 - Southampton 2014 - Feyenoord 2015 - Başakşehir 2017 - Utrecht 2020 - ADO Den Haag 2021 Eljero Elia
25%
Nessun quiz corrispondente trovato
Distribuzione punteggi
Percentuale di utenti per punteggio
Percentile per numero di risposta
I tuoi punteggi nel tempo
Non hai fatto questo quiz